Statistiques concernant Billie Eilish - When We All Fall Asleep, Where Do We Go?

Cliquez ici pour prendre le quiz!

Statistiques générales

  • Ce quiz a été pris 456 fois
  • Le résultat moyen est 10 sur 14

Statistiques - réponses

Titre% Correct
2Bad Guy
97%
13I Love You
81%
10Bury a Friend
75%
11Ilomilo
73%
3Xanny
73%
88
72%
5All the Good Girls Go to Hell
71%
14Goodbye
69%
7When the Party's Over
69%
12Listen Before I Go
68%
4You Should See Me in a Crown
68%
6Wish You Were Gay
66%
9My Strange Addiction
60%
1!!!!!!!
26%

Distribution des résultats

Percentile par nombre de réponses

% des personnes avec chaque résultat

Votre développement - résultats

Vous n’avez pas pris ce quiz